Tous les champions NJPW - Statistiques

Statistiques générales
  • Ce quiz a été pris 15 fois
  • Le résultat moyen est 67 sur 239
Statistiques - réponses
Titre 1er titre Nombre Catcheur % Correct
IWGP World Heavyweight 2022 2 Kazuchika Okada
100%
IWGP World Heavyweight 2022 1 Jay White
92%
NEVER Openweight 2021 1 Jay White
92%
IWGP Junior Heavyweight 2015 2 Kenny Omega
92%
IWGP Tag Team 2021 1 Los Ingobernables de Japon (SANADA et Tetsuya Naito)
92%
IWGP World Heavyweight 2024 2 Tetsuya Naito
92%
NEVER Openweight 2013 1 Tetsuya Naito
92%
NEVER Openweight 2021 1 Hiroshi Tanahashi
77%
World Television 2024 1 Hiroshi Tanahashi
77%
IWGP World Heavyweight 2024 1 Jon Moxley
77%
NEVER Openweight Six Man Tag 2023 1 Kazuchika Okada, Tomohiro Ishii et Hiroshi Tanahashi
77%
IWGP World Heavyweight 2021 1 Will Ospreay
77%
IWGP Junior Heavyweight 2017 3 Will Ospreay
77%
NEVER Openweight 2019 1 Will Ospreay
77%
IWGP Tag Team 2020 1 Golden Ace (Hiroshi Tanahashi et Kota Ibushi)
69%
IWGP Junior Heavyweight Tag Team 2010 1 Golden Lovers (Kenny Omega et Kota Ibushi)
69%
IWGP World Heavyweight 2021 1 Kota Ibushi
69%
IWGP Junior Heavyweight 2011 3 Kota Ibushi
69%
NEVER Openweight 2018 1 Kota Ibushi
69%
IWGP Tag Team 2004 1 BATT (Hiroshi Tanahashi et Shinsuke Nakamura)
62%
IWGP Tag Team 2020 3 Dangerous Tekkers (Taichi et Zack Sabre Jr)
62%
Global Heavyweight 2024 2 David Finlay
62%
NEVER Openweight 2023 1 David Finlay
62%
IWGP Tag Team 2016 7 Guerrillas of destiny (Tonga Loa et Tama Tonga)
62%
NEVER Openweight 2022 4 Tama Tonga
62%
IWGP World Heavyweight 2024 1 Zack Sabre Jr
62%
World Television 2023 2 Zack Sabre Jr
62%
NEVER Openweight Six Man Tag 2016 1 Bullet Club (Bad Luck Fale, Tama Tonga et Yujiro Takahashi)
54%
IWGP Junior Heavyweight 2017 5 Hiromu Takahashi
54%
NEVER Openweight Six Man Tag 2021 2 House of Torture (EVIL, SHO et Yujiro Takahashi)
54%
NEVER Openweight Six Man Tag 2017 3 Los ingobernables de Japon (BUSHI, EVIL et SANADA)
54%
IWGP Tag Team 2018 2 Los Ingobernables de Japon (EVIL et SANADA)
54%
NEVER Openweight 2017 2 Minoru Suzuki
54%
KOPW 2022 1 Minoru Suzuki
54%
IWGP Tag Team 2010 1 NO LIMIT (Tetsuya Naito et Yujiro Takahashi)
54%
IWGP Junior Heavyweight 2010 3 Prince Devitt
54%
IWGP Junior Heavyweight Tag Team 2008 2 RISE (Minoru et Prince Devitt)
54%
IWGP World Heavyweight 2023 1 SANADA
54%
NEVER Openweight 2014 1 Yujiro Takahashi
54%
NEVER Openweight Six Man Tag 2016 2 Bullet Club (Kenny Omega, Nick Jackson et Matt Jackson)
46%
NEVER Openweight Six Man Tag 2018 1 Bullet Club (Marty Scurll, Matt Jackson et Nick Jackson)
46%
STRONG Openweight Tag Team 2023 1 Bullet Club War Dogs (Alex Coughlin et Gabe Kidd)
46%
IWGP Tag Team 2024 2 Bullet Open (Chase Owens et KENTA)
46%
IWGP Junior Heavyweight 2016 1 BUSHI
46%
IWGP Junior Heavyweight 2021 4 El Desperado
46%
NEVER Openweight 2016 3 EVIL
46%
STRONG Openweight 2024 1 Gabe Kidd
46%
IWGP Tag Team 2024 1 Guerrilas of Destiny (Hikuleo et El Phantasmo)
46%
STRONG Openweight Tag Team 2023 2 Guerrillas of Destiny (Hikuleo et El Phantasmo)
46%
NEVER Openweight 2017 5 Hirooki Goto
46%
NEVER Openweight 2019 1 Jeff Cobb
46%
World Television 2024 1 Jeff Cobb
46%
NEVER Openweight 2019 1 KENTA
46%
STRONG Openweight 2023 2 KENTA
46%
IWGP Junior Heavyweight Tag Team 2019 1 Los Ingobernables de Japon (BUSHI et Shingo Takagi)
46%
NEVER Openweight Six Man Tag 2020 1 Los Ingobernables de Japon (BUSHI, EVIL et Shingo Takagi)
46%
IWGP Junior Heavyweight 2008 3 Low Ki
46%
IWGP Tag Team 1999 1 Michiyoshi Ohara et Tatsutoshi Goto
46%
IWGP World Heavyweight 2021 1 Shingo Takagi
46%
NEVER Openweight 2020 5 Shingo Takagi
46%
KOPW 2022 2 Shingo Takagi
46%
IWGP Junior Heavyweight Tag Team 2013 7 The Young Bucks (Matt Jackson et Nick Jackson)
46%
IWGP Tag Team 2022 2 United Empire (Great O-Khan et Jeff Cobb)
46%
IWGP Tag Team 2018 1 Young Bucks (Matt Jackson et Nick Jackson)
46%
IWGP Tag Team 2010 1 Bad Intentions (Giant Bernard et Karl Anderson)
38%
NEVER Openweight Six Man Tag 2017 2 Bullet Club (Bad Luck Fale, Tama Tonga et Tonga Loa)
38%
IWGP Tag Team 2014 3 Bullet Club (Doc Gallows et Karl Anderson)
38%
IWGP Junior Heavyweight Tag Team 2019 3 Bullet Club (El Phantasmo et Taiji Ishimori)
38%
NEVER Openweight Six Man Tag 2018 1 Bullet Club (Taiji Ishimori, Tama Tonga et Tonga Loa)
38%
NEVER Openweight 2022 1 Karl Anderson
38%
World Television 2024 1 Matt Riddle
38%
IWGP Women's 2023 1 Mercedes Mone
38%
STRONG Women's 2024 1 Mercedes Mone
38%
Global Heavyweight 2024 1 Nic Nemeth
38%
IWGP Junior Heavyweight 2024 1 SHO
38%
KOPW 2023 1 SHO
38%
IWGP Junior Heavyweight 2019 3 Taiji Ishimori
38%
KOPW 2024 1 Taiji Ishimori
38%
NEVER Openweight 2014 6 Tomohiro Ishii
38%
IWGP Tag Team 2022 4 Bishamon (Hirooki Goto et Yoshi-Hashi)
31%
STRONG Openweight Tag Team 2023 1 Bishamon (Hirooki Goto et YOSHI-HASHI)
31%
IWGP Junior Heavyweight Tag Team 2023 2 Bullet Club War Dogs (Drilla Moloney et Clark Connors)
31%
NEVER Openweight Six Man Tag 2020 1 CHAOS (Hirooki Goto, Tomohiro Ishii et YOSHI-HASHI)
31%
NEVER Openweight Six Man Tag 2022 1 CHAOS (Hirooki Goto, YOH et YOSHI-HASHI)
31%
IWGP Junior Heavyweight Tag Team 2001 1 El Samurai et Jushin Thunder Liger
31%
STRONG Women's 2023 1 Giulia
31%
IWGP Tag Team 2016 1 Great Bash Heel (Togi Makabe et Tomoaki Honma)
31%
KOPW 2024 2 Great O-Khan
31%
STRONG Openweight 2023 1 Hikuleo
31%
IWGP Tag Team 1991 2 Hiroshi Hase et Keiji Muto
31%
IWGP Junior Heavyweight Tag Team 2023 2 Intergalactic Jet Setters (Kevin Knight et KUSHIDA)
31%
IWGP Junior Heavyweight 1989 11 Jushin Thunder Liger
31%
IWGP Junior Heavyweight Tag Team 1999 1 Jushin Thunder Liger et The Great Sasuke
31%
IWGP Junior Heavyweight 2014 6 KUSHIDA
31%
NEVER Openweight Six Man Tag 2024 1 Los Ingobernables de Japon (BUSHI, Hiromu Takahashi et Yota Tsuji)
31%
IWGP Women's 2023 1 Mayu Iwatani
31%
IWGP Junior Heavyweight 1990 1 Pegasus Kid
31%
IWGP Junior Heavyweight 2021 1 Robbie Eagles
31%
IWGP Junior Heavyweight Tag Team 2017 5 Roppongi 3K (SHO et YOH)
31%
NEVER Openweight 2018 2 Taichi
31%
KOPW 2022 3 Taichi
31%
IWGP Junior Heavyweight 1996 1 The Great Sasuke
31%
IWGP Junior Heavyweight Tag Team 2012 2 Time Splitters (Alex Shelley et KUSHIDA)
31%
IWGP Tag Team 2022 1 Bullet Club (Bad Luck Fale et Chase Owens)
23%
IWGP Tag Team 1997 1 Bull Powers (Manabu Nakanishi et Satoshi Kojima)
23%
IWGP Junior Heavyweight Tag Team 2022 3 Catch 22 (TJP et Francesco Akira)
23%
NEVER Openweight Six Man Tag 2018 1 CHAOS (Beretta, Tomohiro Ishii et Toru Yano)
23%
IWGP Tag Team 2012 1 CHAOS (Takashi Iizuka et Toru Yano)
23%
IWGP Tag Team 2017 1 CHAOS (Tomohiro Ishii et Toru Yano)
23%
KOPW 2021 1 Chase Owens
23%
NEVER Openweight Six Man Tag 2016 1 David Finlay, Ricochet et Satoshi Kojima
23%
IWGP Junior Heavyweight 2024 1 DOUKI
23%
STRONG Openweight 2023 1 Eddie Kingston
23%
IWGP Tag Team 2020 1 Finjuice (David Finlay et Juice Robinson)
23%
IWGP Tag Team 1999 1 G-EGGS (Manabu Nakanishi et Yuji Nagata)
23%
IWGP Tag Team 2008 1 Great Bash Heel (Togi Makabe et Toru Yano)
23%
NEVER Openweight 2024 1 HENARE
23%
IWGP Tag Team 2015 1 Hirooki Goto et Katsuyori Shibata
23%
IWGP Junior Heavyweight 1987 2 Hiroshi Hase
23%
NEVER Openweight Six Man Tag 2024 2 Hiroshi Tanahashi, Oleg Boltin et Toru Yano
23%
IWGP Junior Heavyweight 2003 1 Jado
23%
IWGP Women's 2022 1 KAIRI
23%
NEVER Openweight 2016 3 Katsuyori Shibata
23%
IWGP Tag Team 1990 2 Keiji Muto et Masahiro Chono
23%
IWGP Tag Team 2012 3 Killer Elite Squad (Davey Boy Smith Jr et Lance Archer)
23%
IWGP Junior Heavyweight Tag Team 2005 1 Koji Kanemoto et Wataru Inoue
23%
NEVER Openweight Six Man Tag 2016 2 Mark Briscoe, Jay Briscoe et Toru Yano
23%
NEVER Openweight Six Man Tag 2016 1 Matt Sydal, Ricochet et Satoshi Kojima
23%
NEVER Openweight 2018 1 Michael Elgin
23%
IWGP Junior Heavyweight 2010 1 Naomichi Marufuji
23%
IWGP Tag Team 1995 5 Ookami Gundan (Hiroyoshi Tenzan et Masahiro Chono)
23%
NEVER Openweight Six Man Tag 2019 1 Ryusuke Taguchi, Togi Makabe et Toru Yano
23%
IWGP Tag Team 2010 1 Seigigun (Wataru Inoue et Yuji Nagata)
23%
STRONG Women's 2024 1 Stephanie Vaquer
23%
IWGP Junior Heavyweight Tag Team 2018 4 Suzuki-Gun (El Desperado et Yoshinobu Kanemaru)
23%
IWGP Junior Heavyweight Tag Team 2017 1 Suzuki-Gun (Taichi et Yoshinobu Kanemaru)
23%
IWGP Junior Heavyweight Tag Team 2001 4 Team 2000 (Gedo et Jado)
23%
IWGP Tag Team 1999 6 Tenkoji (Hiroyoshi Tenzan et Satoshi Kojima)
23%
IWGP Tag Team 2024 1 TMDK (Mikey Nicholls et Shane Haste)
23%
STRONG Openweight Tag Team 2024 2 TMDK (Shane Haste et Mikey Nicholls)
23%
KOPW 2020 4 Toru Yano
23%
IWGP Junior Heavyweight Tag Team 2002 1 Tsuyochi Kikuchi et Yoshinobu Kanemaru
23%
IWGP Junior Heavyweight 2007 1 Wataru Inoue
23%
NEVER Openweight 2016 1 Yuji Nagata
23%
IWGP Junior Heavyweight 2005 1 Black Tiger
15%
IWGP Tag Team 2016 1 Briscoe Brothers (Mark Briscoe et Jay Briscoe)
15%
IWGP Junior Heavyweight Tag Team 2005 1 CTU (Hirooki Goto et Minoru)
15%
IWGP Junior Heavyweight Tag Team 2007 1 Dick Togo et TAKA Michinoku
15%
IWGP Junior Heavyweight 2019 1 Dragon Lee
15%
IWGP Junior Heavyweight 1992 2 El Samurai
15%
IWGP Junior Heavyweight Tag Team 2021 1 Flying Tiger (Robbie Eagles et Tiger Mask)
15%
IWGP Junior Heavyweight Tag Team 2012 2 Forever Holigans (Alex Koslov et Rocky Romero)
15%
IWGP Tag Team 1990 2 Hiroshi Hase et Kensuke Sasaki
15%
IWGP Junior Heavyweight Tag Team 2012 1 Jushin Thunder Liger et Tiger Mask
15%
IWGP Tag Team 1997 1 Kazuo Yamazaki et Kensuke Sasaki
15%
IWGP Junior Heavyweight 2017 1 Marty Scurll
15%
IWGP Junior Heavyweight Tag Team 2016 2 Matt Sydal et Ricochet
15%
IWGP Junior Heavyweight Tag Team 2009 1 Motor City Machine Guns (Alex Shelley et Chris Sabin)
15%
STRONG Openweight Tag Team 2022 1 Motor City Machine Guns (Alex Shelley et Chris Sabin)
15%
IWGP Junior Heavyweight Tag Team 2011 2 No Remorse Corps (Davey Richards et Rocky Romero)
15%
IWGP Junior Heavyweight 1988 1 Owen Hart
15%
IWGP Junior Heavyweight Tag Team 2015 4 Roppongi Vice (Beretta et Rocky Romero)
15%
IWGP Junior Heavyweight Tag Team 2013 1 Suzuki-Gun (Taichi et TAKA Michinoku)
15%
IWGP Junior Heavyweight 2003 6 Tiger Mask
15%
NEVER Openweight 2015 2 Togi Makabe
15%
KOPW 2024 1 Yuya Uemura
15%
IWGP Tag Team 1986 1 Akira Maeda et Osamu Kido
8%
IWGP Junior Heavyweight Tag Team 2004 1 American Dragon et Curry Man
8%
IWGP Junior Heavyweight Tag Team 2009 4 Apollo 55 (Prince Devitt et Ryusuke Taguchi)
8%
IWGP Tag Team 2023 1 Aussie Open (Kyle Fletcher et Mark Davis)
8%
STRONG Openweight Tag Team 2022 2 Aussie Open (Kyle Fletcher et Mark Davis)
8%
NEVER Openweight Six Man Tag 2023 1 El Desperado, Minoru Suzuki et Ren Narita
8%
IWGP Junior Heavyweight Tag Team 2010 1 El Samurai et Koji Kanemoto
8%
IWGP Junior Heavyweight Tag Team 2006 1 El Samurai et Ryusuke Taguchi
8%
STRONG Openweight 2022 1 Fred Rosser
8%
IWGP Tag Team 2022 1 FTR (Cash Wheeler et Dax Harwood)
8%
NEVER Openweight Six Man Tag 2017 1 Hiroshi Tanahashi, Manabu Nakanishi et Ryusuke Tagushi
8%
NEVER Openweight Six Man Tag 2016 1 Hiroshi Tanahashi, Michael Elgin et Yoshitatsu
8%
NEVER Openweight Six Man Tag 2017 1 Hiroshi Tanahashi, Ricochet et Ryusuke Taguchi
8%
IWGP Junior Heavyweight Tag Team 2000 1 Junior Stars (Koji Kanemoto et Minoru Tanaka)
8%
IWGP Tag Team 1995 1 Junji Hirata et Shinya Hashimoto
8%
IWGP Junior Heavyweight Tag Team 2003 1 Jushin Thunder Liger et Koji Kanemoto
8%
IWGP Junior Heavyweight Tag Team 2002 1 Jushin Thunder Liger et Minoru Tanaka
8%
IWGP Tag Team 1996 1 Kazuo Yamazaki et Takashi Iizuka
8%
IWGP Tag Team 1985 4 Kengo Kimura et Tatsumi Fujinami
8%
IWGP Tag Team 1997 1 Kensuke Sasaki et Riki Choshu
8%
IWGP Junior Heavyweight 1995 5 Koji Kanemoto
8%
IWGP Tag Team 1988 1 Masa Saito et Riki Choshu
8%
IWGP Tag Team 1989 1 Masa Saito et Shinya Hashimoto
8%
NEVER Openweight 2012 1 Masato Tanaka
8%
IWGP Tag Team 2004 1 Minoru Suzuki et Yoshihiro Takayama
8%
IWGP Junior Heavyweight 2000 4 Minoru Tanaka
8%
IWGP Junior Heavyweight 2009 1 Mistico
8%
IWGP Tag Team 2001 1 Osamu Nishimura et Tatsumi Fujinami
8%
IWGP Junior Heavyweight Tag Team 2014 2 ReDragon (Kyle O'reilly et Bobby Fish)
8%
World Television 2024 1 Ren Narita
8%
IWGP Junior Heavyweight Tag Team 2017 1 Ricochet et Ryusuke Taguchi
8%
IWGP Tag Team 1989 1 Riki Choshu et Takayuki Iizuka
8%
IWGP Junior Heavyweight 2007 2 Ryusuke Tagushi
8%
IWGP Junior Heavyweight Tag Team 2022 1 Six or Nine (Master Wato et Ryusuke Tagushi)
8%
IWGP Tag Team 1991 2 Steiner Brothers (Rick Steiner et Scott Steiner)
8%
IWGP Tag Team 1993 1 The Jurassic Powers (Hercules Hernandez et Scott Norton)
8%
IWGP Tag Team 2015 1 The Kingdom (Matt Taven et Michael Bennett)
8%
STRONG Openweight 2021 1 Tom Lawlor
8%
IWGP Junior Heavyweight 1992 2 Ultimo Dragon
8%
IWGP Tag Team 2017 2 War Machine (Hanson et Raymond Rowe)
8%
STRONG Women's 2023 1 Willow Nightingale
8%
IWGP Tag Team 1987 1 Akira Maeda et Nobuhiko Takada
0%
IWGP Junior Heavyweight 1991 1 Akira Nogami
0%
IWGP Tag Team 1992 1 Big Van Vader et Crusher Bam Bam Bigelow
0%
IWGP Junior Heavyweight Tag Team 1999 1 Dr Wagner Jr et Kendo Kashin
0%
IWGP Tag Team 1998 1 Genichiro Tenryu et Shiro Koshinaka
0%
IWGP Tag Team 1989 1 George Takano et Super Strong Machine
0%
IWGP Tag Team 2007 1 Giant Bernard et Travis Tomko
0%
IWGP Tag Team 1992 2 Hellraisers (Haw Warrior et Power Warrior)
0%
IWGP Tag Team 1990 1 Hiro Saito et Super Strong Machine
0%
IWGP Tag Team 2003 1 Hiroshi Tanahashi et Yutaka Yoshie
0%
IWGP Tag Team 2003 1 Hiroyoshi Tenzan et Osamu Nishimura
0%
IWGP Junior Heavyweight 1999 1 Juventud Guerrera
0%
IWGP Tag Team 1987 1 Kazuo Yamazaki et Yoshiaki Fujiwara
0%
IWGP Tag Team 1987 1 Keiji Muto et Shiro Koshinata
0%
IWGP Tag Team 2001 1 Keiji Muto et Taiyo Kea
0%
IWGP Junior Heavyweight 1999 2 Kendo Kashin
0%
IWGP Tag Team 1999 1 Kensuke Sasaki et Shiro Koshinaka
0%
IWGP Junior Heavyweight 1987 1 Kuniaki Kobayashi
0%
IWGP Junior Heavyweight 2001 1 Masayuki Naruse
0%
IWGP Junior Heavyweight 1989 1 Naoki Sano
0%
IWGP Junior Heavyweight 1986 1 Nobuhiko Takada
0%
IWGP Junior Heavyweight Tag Team 2008 1 NO LIMIT (Tetsuya Naito et Yujiro)
0%
IWGP Junior Heavyweight 1991 3 Norio Honaga
0%
IWGP Junior Heavyweight 1995 1 Sabu
0%
IWGP Tag Team 1992 1 Scott Norton et Tony Halme
0%
IWGP Junior Heavyweight 1997 1 Shinjiro Otani
0%
IWGP Junior Heavyweight Tag Team 1998 2 Shinjiro Otani et Tatsuhito Takaiwa
0%
IWGP Junior Heavyweight 1986 3 Shiro Koshinaka
0%
IWGP Junior Heavyweight 2000 1 Tatsuhito Takaiwa
0%
IWGP Tag Team 2009 2 Team 3D (Brother Devon et Brother Ray)
0%
IWGP Tag Team 2009 1 The British Invasion (Brutus Magnus et Doug Williams)
0%
IWGP Tag Team 2006 1 Wild Child (Manabu Nakanishi et Takao Omori)
0%
Aucun quiz correspondant
Distribution des résultats
% des personnes avec chaque résultat
Percentile par nombre de réponses
Votre historique - résultats
Vous n’avez pas pris ce quiz